Ciudad, memoria y patrimonio: reflexiones sobre el pasado y el presente de Quilpué.
Kaydedildi:
| Yazar: | |
|---|---|
| Diğer Yazarlar: | , , , , , , , , , |
| Materyal Türü: | Kitap |
| Dil: | İspanyolca |
| Baskı/Yayın Bilgisi: |
Quilpué, Chile:
Ilustre Municipalidad de Quilpué,
2015.
|
| Edisyon: | Primera edición |
| Konular: | |
| Etiketler: |
Etiketle
Etiket eklenmemiş, İlk siz ekleyin!
|
MARC
| LEADER | 00000cam a2200000 a 4500 | ||
|---|---|---|---|
| 001 | UCC8688 | ||
| 003 | CL-VaPUC | ||
| 005 | 20241021095654.0 | ||
| 008 | 190809t20150000cl |||||||||||||||||spa|d | ||
| 999 | |c 374940 |d 374938 | ||
| 040 | |c Pontificia Universidad Católica de Valparaíso | ||
| 082 | 0 | 4 | |a 983.255 BRI 2015 |2 21 |
| 100 | 0 | |a Brignardello Valdivia, Andrés |e autor |9 603381 | |
| 245 | 1 | 0 | |a Ciudad, memoria y patrimonio: reflexiones sobre el pasado y el presente de Quilpué. |
| 250 | |a Primera edición | ||
| 260 | |a Quilpué, Chile: |b Ilustre Municipalidad de Quilpué, |c 2015. | ||
| 300 | |a 152 páginas | ||
| 500 | |a c. Fondo Budge. Donación profesor Sr. Eduardo Cavieres. 05-08-2019 | ||
| 583 | |a last modification |c 20190809 11:18:00 |k Rodrigo Vera | ||
| 651 | 0 | |a Quilpué |2 CL-VaPUC |9 346087 |z Chile |x Historia de ciudades |x Geografía urbana | |
| 700 | 0 | |a San Martín Gormaz, Luciano René |e autor |9 603382 | |
| 700 | 0 | |a Gronemeyer Cisternas, Guillermo |e autor |9 603383 | |
| 700 | 0 | |a Alarcón Cáceres, Luis |e autor |9 603384 | |
| 700 | 0 | |a Aravena Núñez, Pablo |e autor |9 603385 | |
| 700 | 0 | |a Arancibia Acosta, Lorena Andrea |e autor |9 603386 | |
| 700 | 0 | |a Soto Silva, Cristian Alejandro |e autor |9 603387 | |
| 700 | 0 | |a Oyanedel Riveros, Iván Gonzalo |e autor |9 603388 | |
| 700 | 0 | |a Castro Rodríguez, Gabriel |e autor |9 603389 | |
| 700 | 0 | |a Leguas Contreras, Brus |e autor |9 603390 | |
| 700 | 0 | |a Torrejón Collado, Humberto |e autor |9 603391 | |
| 942 | |c BK |2 ddc | ||
| 945 | |d 20190809 11:18:00 |a dcastane | ||
| 952 | |0 0 |1 0 |3 erb |4 0 |6 983_255000000000000_BRI_2015 |7 0 |8 X |9 493725 |a FDOBUD |b FDOBUD |i 5594391 |o 983.255 BRI 2015 |p 5594391 |r 2019-11-24 |w 2019-11-24 |y BK_X |z Catalogado en:20190809 |k BUD | ||